000 00346nam a2200097Ia 4500
005 20250424112857.0
008 250424s9999 xx 000 0 und d
300 _aix, 183 p. :ill. ; 25 cm.
650 _aNigeria--Economic conditions--Periodicals. Nigeria--Social conditions--Periodicals. Nigeria--Politics and government--Periodicals.
942 _cSR
999 _c37651
_d37651